| LEADER 01174nam 2200277 a 4500 |
| 001 13399123456 |
| 003 ULIBM |
| 008 030417s2551 th a sb 001 0 tha |
| 099 ^aว ผม.มธ. 24 2552 |
| 100 0 ^aพิสิฐ หวังวิศาล |
| 245 10 ^aการประเมินคุณค่ามรดกทางวัฒนธรรมของชุมชนประวัติศาสตร์ในเมือง กรณีศึกษา ชุมชนวังแดง เขตป้อมปราบศัตรูพ่าย กรุงเทพมหานคร /^cพิสิฐ หวังวิศาล. |
| 246 13 ^aHeritage value asessment for uban historic community : a case of Wang Daeng Community , Pom Prabsatruphai Distric, Bangkok /^cPisit Whangvisarn. |
| 260 ^aกรุงเทพฯ :^bมหาวิทยาลัยธรรมศาสตร์,^c2552. |
| 300 ^a13, 121 แผ่น. |
| 502 ^aวิทยานิพนธ์ การผังเมืองบัณฑิต, 2552. |
| 650 4 ^aวัฒนธรรมชุมชน. |
| 710 0 ^aยงธนิศร์ พิมลเสถียร, ^eอาจารย์ที่ปรึกษา. |
| 856 ^uhttps://digital.library.tu.ac.th/tu_dc/frontend/Info/item/dc:339093 ^zเอกสารฉบับเต็ม (ดูรายบทคลิกที่ Bookmarks) |
| 913 ^aImported by ULIBM Administrator |
| 949 ^aImport form external file by ULIBM system |